Marques de voitures européennes - Mort subite - Statistiques

Statistiques générales
  • Ce quiz a été pris 3 283 fois
  • Le résultat moyen est 11 sur 17
Answers on the Grid
Answers color-coded by a green-red scale on the quiz's grid according to % correct below.
Aston Martin
Audi
Bentley
BMW
BYD
Cadillac
Chevrolet
Chrysler
Citroën
Dacia
Ferrari
Fiat
Ford
Honda
Hyundai
Kia
Lamborghini
Mercedes-Benz
Nissan
Opel
Renault
Rolls-Royce
Seat
Škoda
Subaru
Tata
Tesla
Toyota
Volkswagen
Volvo
 
Statistiques - réponses
Réponse % Correct
Audi
91%
BMW
90%
Aston Martin
77%
Citroën
75%
Ferrari
74%
Fiat
72%
Dacia
68%
Renault
65%
Bentley
64%
Mercedes-Benz
64%
Lamborghini
63%
Volkswagen
61%
Opel
58%
Škoda
55%
Seat
52%
Volvo
52%
Rolls-Royce
47%
Aucun quiz correspondant
Distribution des résultats
% des personnes avec chaque résultat
Percentile par nombre de réponses
Votre historique - résultats
Vous n’avez pas pris ce quiz